000
00312nam a2200121Ia 4500
008
190216s9999||||xx |||||||||||||| ||und||
100
_a
Donald Stevenson Watson And Malcolm Getz
245
0
_a
Price Theory And Its Uses
260
_b
Scientific Book Co
_c
1968
300
_a
443p
650
_a
Economics
942
_c
BK
999
_c
9191
_d
9191